000 00787nam a22002537a 4500
001 51634
003 UA-OsUOA
005 20200514230233.0
007 ta
008 20080117b un ||||| |||| 00| 0 ukr d
020 _a978-966-351-102-3
040 _aUA-OsUOA
_bukr
_cUA-OsUOA
_dUA-OsUOA
041 _aukr
080 _a368(075.8)
090 _a368(075.8)
_bТ48
100 _aТкаченко Н. В.
245 _aСтрахування
_bНавчальний посібник
260 _aК.
_bЛіра-К
_c2007
300 _a376 с.
650 7 _a36 Забезпечення духовних та матеріальних життєвих потреб
_2UDC
942 _cBK
_2udc
955 _a2
999 _c337732
_d337732